A waste of space (Record no. 67916)

MARC details
000 -LEADER
fixed length control field 01287cam a2200277 4500
001 - CONTROL NUMBER
control field ABS64229
008 - FIXED-LENGTH DATA ELEMENTS--GENERAL INFORMATION
fixed length control field 010806n2001 000 0 eng u
035 ## - SYSTEM CONTROL NUMBER
System control number (Sirsi) u113965
100 ## - MAIN ENTRY--PERSONAL NAME
Personal name McConnell, T.
245 #2 - TITLE STATEMENT
Title A waste of space
260 ## - PUBLICATION, DISTRIBUTION, ETC.
Date of publication, distribution, etc. 2001
490 ## - SERIES STATEMENT
Series statement Property Week
Volume/sequential designation 66(29) 20 July 2001, 66-67(2)
520 ## - SUMMARY, ETC.
Summary, etc. A report by developer Stanhope, and part-funded by the British Council of Offices, reveals that developers are over-specifying buildings, resulting in higher costs for themselves and occupiers.The research argues for more appropriateness in buildings. Standard practice dictates for small power provision at 25W/sq m and occupational densities at 5 sq/mperson. The report shows across a variety of occupier sectors, including retail, insurance and corporate, that 15W/sq m would provide enough small power and designing for densities of up to 14 sq m/person is sufficient for use and provision of facilities.
590 ## - LOCAL NOTE (RLIN)
Local note ABS
650 ## - SUBJECT ADDED ENTRY--TOPICAL TERM
Topical term or geographic name entry element STANHOPE
650 ## - SUBJECT ADDED ENTRY--TOPICAL TERM
Topical term or geographic name entry element OFFICE SPECIFICATION
650 ## - SUBJECT ADDED ENTRY--TOPICAL TERM
Topical term or geographic name entry element OVERSPECIFICATION
650 ## - SUBJECT ADDED ENTRY--TOPICAL TERM
Topical term or geographic name entry element INVESTORS
650 ## - SUBJECT ADDED ENTRY--TOPICAL TERM
Topical term or geographic name entry element DEVELOPERS
650 ## - SUBJECT ADDED ENTRY--TOPICAL TERM
Topical term or geographic name entry element BCO
650 ## - SUBJECT ADDED ENTRY--TOPICAL TERM
Topical term or geographic name entry element UNDERSPECIFICATION
650 ## - SUBJECT ADDED ENTRY--TOPICAL TERM
Topical term or geographic name entry element OCCUPATION DENSITIES
650 ## - SUBJECT ADDED ENTRY--TOPICAL TERM
Topical term or geographic name entry element SMALL POWER USE
690 ## - LOCAL SUBJECT ADDED ENTRY--TOPICAL TERM (OCLC, RLIN)
Topical term or geographic name as entry element PROPERTY-COMMERCIAL PROPERTY
942 ## - ADDED ENTRY ELEMENTS (KOHA)
Suppress in OPAC 0
Holdings
Withdrawn status Lost status Source of classification or shelving scheme Damaged status Not for loan Home library Current library Shelving location Date acquired Total Checkouts Full call number Barcode Date last seen Copy number Price effective from Koha item type
    Dewey Decimal Classification     London London Journal article 06/08/2001   ABS64229 113965-1001 06/08/2019 1 06/08/2019 Journal article